Quizzes
Events
Quiz Creation
Community
Videos
Private Events
Remove Ads
Sign In
Join for FREE
Feedback
Dark Mode
Quiz Categories
Sports
Geography
Music
Movies
Television
Just For Fun
Miscellaneous
History
Literature
Language
Science
Gaming
Entertainment
Religion
Holiday
For Kids
Quiz Lab
Recent
Popular Today
Quiz Kudos Today
Editor Picks
Curator Picks
Quizzes by...
Day
Popularity
Type
Ratings
Length
Year
Community
Subscriptions
Recent Discussions
Orange Saloon
Badges
Playlists
Quests
Create
Leaderboards
Showdown
Live 5
Trivia Bingo
Activity
Puzzle Library
Sporcle Events
Private Events
Virtual Trivia
Globe League
Become a Host
Pub Owners
SporcleCon
Opinionation
Our Games
Videos
Blog
Mobile Apps
Partnerships
Remove Ads and Go Orange
Feedback
History
US Presidents
World Leaders
Politics
Nation
Discovery
War
Decade
Year
Century
Biography
Art
History
US Presidents
World Leaders
Politics
Nation
Discovery
War
Decade
Year
Century
Biography
Art
Random Quiz
Search Sporcle
×
Quiz Lab
Quiz Lab
History
Nation
Type in answers that appear in a list
Type in answers that appear in a list
Classic
Best Score? Go Orange.
The Ottoman Empire Stats
Can you name the The Ottoman Empire?
By
ritamwiley
10m
30 Questions
210 Plays
210 Plays
210 Plays
Comments
Comments
Give Quiz Kudos
Give Quiz Kudos
-
- Ratings
hide this ad
Replay
Link that replays current quiz
Next Quiz
Link to next quiz in quiz playlist
You Got
0%
They Got
Avg Score
40%
Avg Friend Score
Upgrade to see
Score Distribution
Jump to the score distribution portion of the page
Score
0/30
Timer
10:00
0
Plays Today
Question
Answer
% Correct
The Ottoman Empire was primarily focused in what Modern day country?
Turkey
94.3%
Century in which the Turks came to power
14th
84.8%
The first leader that brought the Ottoman empire to power
Osman
77.6%
Current name of the Capital
Istanbul
75.2%
The capital of the Empire
Constantinople
65.2%
Head or King of the Ottoman Empire
sultan
65.2%
The name of the well-
armed military that was able spread control of the Balkans
Janissaries
62.9%
Leader that ended the rule of the Byantine Empire
Mehmed II
61.4%
Year in which the Turks captured the capital
1453
61%
Two of his Suleyman's sons were _
_
_
_
_
_
_
_
_
because of suspicions to treason
executed
45.7%
Sultan that took control of Mesopotamia, Egypt, and Arabia
Selim I
45.2%
Jerusalem, Mecca and Medina where in this religious heartland
Islam
42.4%
Women were viewed as equal to
men
41.9%
Europeans both feared and admired this Sultan who was at the height of the Ottoman Empire
Suleyman the Magnificent
39.5%
Laid seige in this city in Austria, which backfired and were pushed out of Hungary
Vienna
39%
Question
Answer
% Correct
Selim II was a poor ruler who contributed to the empire's _
_
_
_
_
_
_
_
_
_
_
_
_
_
decline
38.6%
Romania, Serbia, Bulgaria were conquered in the quest to rule the
Balkans
32.9%
The private or 'sacred place' of the Sultan; residence
Harem
30%
Sultan controlled his bureaucracy through an imperial council. The chief minister or _
_
_
_
_
_
_
_
_
_
was in charge
grand vizier
29.5%
Empires success was largely based in their knowledge of new technology in firearms known as the '_
_
_
_
_
_
_
_
_
_
_
_
_
_
_
_
empire'
gunpowder
28.6%
This type of drink was at one time outlawed
coffee
25.2%
Peninsula where the Turks ruled
Anatolian
24.3%
One of the greatest Ottoman architects that built 81 domed shaped mosques
Sinan
20%
These officials collected taxes and maintained law and order
Pashas
15.2%
A group of land the empire was divided into
provinces
13.3%
Group of religious advisors that maintained Islamic law
Ulema
13.3%
Non-
Muslims in the empire could practice religion if they paid a fee called a
tax
12.9%
The greatest contribution that the Ottoman Empire had on the world
Architecture
10%
Outside of the elite, these people had the most privileges
merchants
8.1%
Officials and merchants were influenced by whom
Europeans
6.2%
Quiz Playlist
Details
Report
Send in Message
Add To Playlist
Classic:
Type in answers that appear in a list
Last Updated: Feb 16, 2017
Quiz Scoreboard
CHALLENGE
Sign Up to Join the Scoreboard
Show All
Scores
Hide
Comments
May contain spoilers
Recently Published
An Introduction to Baseball
by treessimontrees
Sports
5m
Movies - When Are They Set?
by FPL_Elf
Movies
5m
Popular People in 1961
by mucciniale
History
6m
More to Explore
Quiz From the Vault
Featured Blog Post
Where Did the Easter Bunny Come From?
hide this ad
You Might Also Like...
Tags
Nation Quiz
empire
Ottoman
Today's Top Quizzes in History
Browse History
hide this ad
Today's Top Quizzes in Nation
Browse Nation
Top Contributed Quizzes in History
1
Popular People in 1991
2
Popular People in 1981
3
Popular People in 1951
4
Popular People in 1941
5
Popular People in 1986
6
Popular People in 1976
7
Popular People in 1921
8
I Am Born On March 28th
9
Popular People in 1946
10
Popular People in 1936
Explore More
Trending Topics
Crossword
Disney
Kpop
NBA
Marvel
Anime
Harry Potter
Soccer
The Office
NFL
Pokémon
Country
WWE
Puzzle
Song
hide this ad
More By:
ritamwiley
Quiz
Plays
Rating
Category
Featured
Created
The Ottoman Empire
210
1.00
History
Feb 27, 2012
Go to Creator's Profile
Score Distribution
Quiz Creator Spotlight
ritamwiley
Follow
Send a Message
Quizzes Created
-
Created Quiz Play Count
-
More By This Creator
Popular Quizzes Today
1
Find the Countries of Europe - No Outlines Minefield
2
Find the US States - No Outlines Minefield
3
The Countries of the World
4
Popular People in 1961
5
Find the US States
6
US States
7
1-10 Letter E Words III
8
Risky Map Clicking: Biggest States A-Z
More History Quizzes
Commonwealth Games Host Cities
Quiz Lab
Trending Quizzes
Risky Map Clicking: Least Populous States A-Z
1-10 Letter F Words
1-10 Letter G Words
One Thing in Common: United Kingdom
Risky Map Clicking: Next State Alphabetically
Recently Updated
Leaping Animals
pecheneg
Reality TV Shows (A-Z)
bhenderson79
Rickey Henderson's Hall of Fame Teammates
pecheneg
Champions League XIs: Arsenal
pecheneg
Quick Pick: Celebrities in WWE's Hall of Fame
aduchscher
A-Z Keypad Blitz II
pecheneg
Multiple Oscar Actors
pecheneg
Mystery Phrase Blitz: Oscar 'Best Actors'
pecheneg
F. Scott Fitzgerald Novels
LTH
Pick 3 Villains
ddd62291
Trending Topics
Kpop
Marvel
Disney
Anime
Crossword
Harry Potter
NBA
WWE
Country
Soccer
Pokémon
Song
Puzzle
NFL
The Office
Your Account Isn't Verified!
In order to create a playlist on Sporcle, you need to verify the email address you used during registration. Go to your
Sporcle Settings
to finish the process.
Report this User
Report this user for behavior that violates our
Community Guidelines
.
Details:
Send Report
Go to the Sporcle.com Mobile Site →
Comments